000 00393nam a2200157Ia 4500
003 Ost
005 20260225132558.0
008 260225s9999||||xx |||||||||||||| ||und||
040 _cfsic
041 _afre
082 _a362.1
100 _aministere de santé publique
_eAuteur
245 0 _ainstitut national de sante publique /
245 0 _cministere de santé publique
942 _cكتاب
999 _c34609
_d34609